000 01639nam0a22002771 4500
001 rc\3301158
005 20250530102035.0
035 _a(NLR Aleph) 007356436
090 _a6262746
_c6262746
100 _a20130115d1971 |||y0rusy50 ca
101 0 _arus
102 _aRU
105 _aa z |||||
200 1 _aДвижение наносов и гидравлический транспорт
_eI, III и IV секции. [Докл. конф. 25-28 ноября 1968 г.
_fРед. коллегия: ... Р.В. Красовицкий (отв. ред.) и др.]
210 _aЛенинград
_cЭнергия. Ленингр. отд-ние
_d1971
215 _a178 с.
_cил.
_d22
225 1 _aМинистерство энергетики и электрификации СССР. Всесоюзный научно-исследовательский институт гидротехники имени Б.Е. Веденеева. Труды координационных совещаний по гидротехнике
_fМ-во высш. и сред. спец. образования СССР. Моск. инж.-строит. ин-т им. В.В. Куйбышева. АН СССР. Ин-т водных проблем
_vВып. 57
300 _aНа корешке загл. сер.: Труды совещ. по гидротехнике
320 _aСписки лит. в конце докл.
606 _aЗемные полюсы
_xДвижение
_2psbo
702 1 _aКрасовицкий
_bР.В.
_4340
801 0 _aRU
_bNLR
_gpsbo
801 1 _aRU
_bELAR
_2rusmarc
852 _aNLR
_jП10/2497
942 _cBOOK
980 _aNB